Как едно петле се разболяло и без него слънцето изгряло (Запис номер 110783)
[ съкратено ]
| 000 -Лидер | |
|---|---|
| Контролно поле с фиксирана дължина | 01567nam a2200397 c 4500 |
| 003 - Код на организацията, давaща контролен номер | |
| Контролно поле | BLK |
| 005 - Дата и час на последна редакция | |
| Контролно поле | 20250710104529.0 |
| 008 - Елементи от данни с фиксирана дължина | |
| fixed length control field | 180409b bul|||||r ||||||| ||bul|| |
| 010 ## - Наследен системен номер | |
| LC control number | KNG00116115000 |
| 020 ## - Международен стандартен номер на книга ISBN | |
| Международен стандартен номер на книга ISBN | 978-954-307-058-9 |
| -- | издат.: БАГРИ |
| 040 ## - Източник на каталожния запис | |
| Идентификатор на билиотеката - собственик на записа | BLK |
| 041 ## - Код за език | |
| Код за езика на текст/звукозапис или на отделно заглавие | Български |
| Код за езика КДБФ | Български |
| 072 #7 - Код за тематичната категория | |
| Код организация | bullib |
| Код за тематична категория | Н85 |
| Текст | Детска художествена литература Н |
| 080 ## - УДК | |
| Текстов определител УДК | Българска литература |
| УДК код - определител по УДК | 821.163.2 |
| УДК определител | -93-1 |
| УДК - код + определител | 821.163.2-93-1 |
| 100 1# - Редна дума - Автор | |
| Автор | Дългъчева, Мая Георгиева |
| R(LIN) | 289222 |
| 139 ## - Редно поле | |
| Редна дума | Дългъчева, Мая Георгиева |
| Авторски знак | Дъ - Д 95 |
| 245 10 - Сведения за заглавието | |
| Заглавие | Как едно петле се разболяло и без него слънцето изгряло |
| Редно поле (дума) | Мая Георгиева Дългъчева; ил. Анна Георгиева; ил. Павел Семков. |
| 257 ## - Страна на издаване | |
| Страна на създаване/издаване | България |
| 260 ## - Област на издателските данни | |
| -- | Пловдив |
| Име на издателя, разпространителя и проч. | БАГРИ |
| Година на издаване | 2009 |
| 300 ## - Физическа характеристика | |
| Страници | 12 с. |
| Илюстрации и др. | с цв. ил. |
| Размери/Мащаб | 22x22 см |
| 380 ## - Жанр | |
| Жанр | Детска худож. лит. |
| 490 1# - СЕРИИ (Колекции) | |
| Име на серия | Книжки в поредица |
| 500 ## - Общи забележки | |
| Забележка | Кор. опис. |
| 653 ## - Ключова дума – ненормативна | |
| Ключова дума | стихотворения за деца |
| 653 ## - Ключова дума – ненормативна | |
| Ключова дума | детска литература |
| 653 ## - Ключова дума – ненормативна | |
| Ключова дума | литература за деца |
| 659 ## - Тематичен бюлетин | |
| Тематичен бюлетин | Н |
| 700 1# - Други автори (авторска отговорност) | |
| Лично име | Георгиева, Анна |
| Автороска отговорност (Описва отношението между автора и произведението) | ил. |
| 9 (RLIN) | 370361 |
| 700 1# - Други автори (авторска отговорност) | |
| Лично име | Семков, Павел |
| Автороска отговорност (Описва отношението между автора и произведението) | ил. |
| 9 (RLIN) | 299709 |
| 852 ## - Местоположение | |
| Форматна сигнатура | Цб 251162 |
| 856 4# - Електронен адрес и достъп | |
| Електронен формат | pdf - файл |
| Път до файла /url/ | |
| 856 4# - Електронен адрес и достъп | |
| Електронен формат | pdf - файл |
| Път до файла /url/ | |
| 942 ## - АРТИКУЛИ | |
| Вид на библиотечния материал | Книги |
| Скрит в OPAC | Не |
| Koha issues (borrowed), all copies | 10 |
| 944 ## - СЪЗДАВАНЕ И РЕДАКЦИЯ на ЗАПИСА | |
| Създаване/Редакция | Създаване |
| Дата на регистрацията/редакция | 15.03.2011 |
| Статус, дата на статуса | Бояна Костадинова |
| Служител, извършил регистрацията/редакцията | 30551 |
| 944 ## - СЪЗДАВАНЕ И РЕДАКЦИЯ на ЗАПИСА | |
| Създаване/Редакция | Редакция |
| Дата на регистрацията/редакция | 31.01.2012 |
| Статус, дата на статуса | ф / |
| Служител, извършил регистрацията/редакцията | |
| 999 ## - СИСТЕМНИ КОНТРОЛНИ НОМЕРА | |
| Koha biblionumber | 110783 |
| Koha biblioitemnumber | 110783 |
| Код за отписване | Код за изгубен артикул | Код за повреда | Коз за рестрикции | Код за отдаване | Артикулен № | Име на библиотеката - собственик | Име на библиотеката, в която се намира в момента | Статус (Текущо местоположение) | Дата на вписване в системата | Местоположение - отдел | Цена в лева | Инвентарен номер | Систематично азбучна сигнатура | Баркод | Номер на екземпляра | Цена в евро | Служебна бележка | Служебен тип на артикула | Източник на класификационната схема |
|---|---|---|---|---|---|---|---|---|---|---|---|---|---|---|---|---|---|---|---|
| Не е изгубен | Не е повреден | без рестрикции | ползва се в читалня | 178114 | Регионална библиотека "Любен Каравелов" Русе | Регионална библиотека "Любен Каравелов" Русе | Хранилище | 2011-03-14 | Хранилище | 2.50 | 120000749717 | Цб 251162 | 120000749717 | 1 | 1.28 | Дост: Dp Вид: Д N: 26 Дата: 30.06.2010 | Книги | ||
| Не е изгубен | Не е повреден | без рестрикции | заемане за дома | 178115 | Регионална библиотека "Любен Каравелов" Русе | Регионална библиотека "Любен Каравелов" Русе | Детски отдел | 2011-12-19 | Детски отдел | 2.50 | 120000756144 | ДХ 886.7/Д 95 | 120000756144 | 2 | 1.28 | Дост: Pk Вид: Ф N: 291 Дата: 15.12.2011 Дата инв: 17.08.2015 Бележки инв: Д2015 | Книги | Universal Decimal Classification |